000 00425 a2200133 4500
001 155462
040 _cEscola São Tomás de Aquino
100 _aALVES, Januária Cristina
240 1 0 _aA loira do banheiro e outras assombrações do folclore brasileiro
_lpor
245 1 0 _aA loira do banheiro e outras assombrações do folclore brasileiro
362 0 _a2017
697 _aFolclore / Adivinhações / Lendas
942 _cBK
999 _c155462
_d155462